000 00824nam a2200277Ia 4500
003 OSt
005 20220918221626.0
006 a|||||r|||| 00| 0
007 ta
008 220917b |||||||| |||| 00| 0 eng d
024 _a202,237
037 _cTextual
040 _aARTS
_cARTS
_beng
041 _2eng
_aeng
082 _aV1:17.N, P2
100 _aBlue Gregory Ed.
_9140980
245 0 _aColonialism and the modern world
_b selected studies
260 _aArmonk
_bM.E.Sharpe
_c2002
300 _axi, 359p
_ccm.
490 _aSources and studies in world history
650 _aHISTORY
700 _a Bunton Martin Ed.
_9140981
700 _a Croizier Ralph Ed.
_9140982
942 _hV1:17.N, P2
_cTEXL
_2CC
999 _c273135
_d273135